000 00374nam a2200145Ia 4500
008 230711s9999||||xx |||||||||||||| ||und||
041 _aENG
082 _a677
_bCH-G
100 _aChackravertty
245 2 _aA glimpse : v1-tech of bleaching and dyeing
250 _a1st Ed.
260 _c1979
_aNew Delhi
_bMahajan Publication
650 _aTextile Engineering
942 _cBK
999 _c3628
_d3628